Pays avec le plus de touristes par habitant - Statistiques

Statistiques générales
  • Ce quiz a été pris 117 fois
  • Le résultat moyen est 12 sur 20
Statistiques - réponses
ratio pays % Correct
1,28 France
98%
1,63 Espagne
88%
0,88 Italie
85%
8,73 Monaco
84%
> 5000 Vatican
78%
36,6 Andorre
76%
0,66 Belgique
71%
2,21 Grèce
68%
0,93 Pays-Bas
67%
1,10 Portugal
65%
3,28 Croatie
56%
3,32 Autriche
53%
4,58 Malte
50%
5,39 Islande
49%
3,78 Bahamas
43%
1,56 Hongrie
40%
1,14 Tchèquie
37%
3,22 Seychelles
35%
0,86 Malaisie
26%
6,42 Palaos
11%
Aucun quiz correspondant
Distribution des résultats
% des personnes avec chaque résultat
Percentile par nombre de réponses
Votre historique - résultats
Vous n’avez pas pris ce quiz